[Event "Det åpne NM 2011 Gruppe A"]
[Site "Quality Hotel & Resort Fagerne"]
[Date "2011.04.17"]
[Round "7"]
[White "Wibe, Per H"]
[Black "Christiansen, Johan-Sebastian"]
[Result "0-1"]
[WhiteElo "1824"]
[BlackElo "1924"]
[PlyCount "72"]
[EventDate "2011.??.??"]

1. e4 e6 2. d4 d5 3. e5 c5 4. c3 Nc6 5. a3 Qb6 6. Nf3 a5 7. Be2 cxd4 8. cxd4
Nh6 9. Nc3 Nf5 10. Nb5 Bd7 11. O-O Be7 12. a4 O-O-O 13. Bg5 Bxg5 14. Nxg5 Rdf8
15. Rc1 Kb8 16. Nf3 Rhg8 17. Rc3 g5 18. g4 Nh6 19. h3 f5 20. exf6 Rxf6 21. Qc2
Rg7 22. Rc5 Rf4 23. Ne5 Nxe5 24. dxe5 Nf7 25. Rc1 Bc6 26. Qc3 Rg6 27. Nd4 Nxe5
28. Nxc6+ Nxc6 29. Qh8+ Ka7 30. Qxh7 Ne5 31. Kg2 Rgf6 32. f3 Nxf3 33. Kg3 Nd4
34. Qd3 Nb3 35. Qc3 Rf2 36. Rb5 Qd6+ 0-1

[Event "Det åpne NM 2011 Gruppe A"]
[Site "Quality Hotel & Resort Fagerne"]
[Date "2011.04.17"]
[Round "8"]
[White "Jones, Gawain C B"]
[Black "Richter, Michael"]
[Result "1-0"]
[WhiteElo "2578"]
[BlackElo "2486"]
[PlyCount "69"]
[EventDate "2011.??.??"]

1. e4 e6 2. d4 d5 3. Nc3 Nf6 4. Bg5 dxe4 5. Nxe4 Be7 6. Bxf6 gxf6 7. Nf3 b6 8.
Bb5+ c6 9. Bd3 Nd7 10. c4 Bb7 11. O-O Qc7 12. Qa4 Qf4 13. Rfe1 a6 14. Qb3 h5
15. Re3 h4 16. Nc5 Nxc5 17. Qxb6 Qb8 18. dxc5 Qa7 19. Be4 Qxb6 20. cxb6 O-O-O
21. h3 Bc5 22. Rc3 a5 23. a3 Bxb6 24. c5 Bc7 25. b4 Be5 26. Nxe5 fxe5 27. bxa5
Kc7 28. Rb1 Ra8 29. Rcb3 Rhb8 30. Rb6 f5 31. a6 Rxa6 32. Rxa6 Bxa6 33. Rxb8
Kxb8 34. Bxc6 Kc7 35. Ba4 1-0

[Event "Det åpne NM 2011 Gruppe A"]
[Site "Quality Hotel & Resort Fagerne"]
[Date "2011.04.17"]
[Round "8"]
[White "Aulin-Jansson, Jøran"]
[Black "Solodovnichenko, Yuri"]
[Result "0-1"]
[WhiteElo "2232"]
[BlackElo "2577"]
[PlyCount "110"]
[EventDate "2011.??.??"]

1. e4 c5 2. Nc3 a6 3. g3 b5 4. Bg2 Bb7 5. d3 Nf6 6. Nge2 d6 7. O-O Nc6 8. a4 b4
9. Nd5 Nd7 10. b3 e6 11. Ne3 Be7 12. Bb2 Bf6 13. Bxf6 Nxf6 14. h3 Qc7 15. g4 h6
16. Rc1 g5 17. c3 bxc3 18. d4 cxd4 19. Nxd4 Nb4 20. Nxe6 fxe6 21. Qd4 O-O 22.
Qxb4 a5 23. Rxc3 axb4 24. Rxc7 Bxe4 25. Rfc1 Bxg2 26. Kxg2 Ne4 27. R1c2 d5 28.
Re7 Rae8 29. Rb7 Rb8 30. Re7 Rfe8 31. Rxe8+ Rxe8 32. f3 Nc3 33. Rd2 Rb8 34. Nc2
e5 35. Ne3 Kf7 36. Nf5 Rh8 37. Kg3 Kf6 38. Rh2 d4 39. Nd6 Ke6 40. Nc4 e4 41.
fxe4 Rf8 42. Nd2 d3 43. h4 Ke5 44. hxg5 hxg5 45. Rf2 Ne2+ 46. Kg2 Nf4+ 47. Kf1
Kd4 48. Ke1 Rh8 49. Kd1 Kc3 50. e5 Rh1+ 51. Rf1 Rh2 52. Ne4+ Kxb3 53. Nxg5 Nd5
54. Re1 Nc3+ 55. Kc1 Rc2# 0-1

[Event "Det åpne NM 2011 Gruppe A"]
[Site "Quality Hotel & Resort Fagerne"]
[Date "2011.04.17"]
[Round "8"]
[White "Karlsson, Lars"]
[Black "Johannessen, Leif E"]
[Result "1-0"]
[WhiteElo "2475"]
[BlackElo "2514"]
[PlyCount "115"]
[EventDate "2011.??.??"]

1. Nf3 Nf6 2. g3 d5 3. Bg2 c6 4. O-O Bg4 5. b3 Nbd7 6. Bb2 e6 7. c4 Bd6 8. d4
O-O 9. Ne5 Bf5 10. Nd2 Qe7 11. Nd3 Bxd3 12. exd3 Ba3 13. Qc1 Bxb2 14. Qxb2 Ne8
15. Rfe1 Qf6 16. Nf3 Nd6 17. Ne5 Rfd8 18. c5 Nf5 19. Bh3 Nf8 20. b4 Qh6 21. Kg2
f6 22. Nf3 Qg6 23. a4 Qf7 24. b5 a5 25. Ra3 g5 26. Bxf5 exf5 27. bxc6 bxc6 28.
Rb3 Ne6 29. Rb7 Rd7 30. Rb8+ Rxb8 31. Qxb8+ Kg7 32. Ne5 Rb7 33. Qd6 fxe5 34.
Qxe5+ Qf6 35. Qxe6 Qxe6 36. Rxe6 Rb4 37. Rxc6 Rxd4 38. Rd6 Rxd3 39. c6 d4 40.
Rd5 Rc3 41. Rxf5 Kg6 42. Rxa5 Rxc6 43. Rd5 Rc4 44. a5 Ra4 45. Kf3 Ra2 46. Ke4
Rxf2 47. h3 Ra2 48. Kxd4 Ra3 49. g4 Rxh3 50. a6 Ra3 51. Rd6+ Kf7 52. Kc5 Ke7
53. Rh6 Kd8 54. Kb6 Kc8 55. Rxh7 Rb3+ 56. Kc6 Rc3+ 57. Kd6 Kb8 58. Rg7 1-0

[Event "Det åpne NM 2011 Gruppe A"]
[Site "Quality Hotel & Resort Fagerne"]
[Date "2011.04.17"]
[Round "8"]
[White "Urkedal, Frode O"]
[Black "Tari, Aryan"]
[Result "1/2-1/2"]
[WhiteElo "2447"]
[BlackElo "2155"]
[PlyCount "127"]
[EventDate "2011.??.??"]

1. d4 Nf6 2. Nf3 e6 3. c4 b6 4. g3 Ba6 5. Nbd2 Bb4 6. Qa4 c5 7. a3 Bxd2+ 8.
Bxd2 cxd4 9. Bg2 Bb7 10. O-O O-O 11. Nxd4 Bxg2 12. Kxg2 d5 13. Bg5 dxc4 14.
Qxc4 h6 15. Bf4 Qd5+ 16. Qxd5 Nxd5 17. Bd2 Nd7 18. e4 N5f6 19. f3 Rac8 20. Rac1
Ne5 21. Bc3 Nc4 22. Kf2 Rfd8 23. Ke2 a6 24. a4 Rd7 25. Rfd1 Rdc7 26. Nb3 Kf8
27. Rc2 Ke8 28. Bd4 e5 29. Bf2 Ke7 30. Rdc1 Ne8 31. Rd1 Rd7 32. Nd2 Ned6 33.
Rdc1 b5 34. axb5 axb5 35. b4 Nxd2 36. Rxc8 Nxc8 37. Rxc8 Nc4 38. Rb8 Na3 39.
Bc5+ Kf6 40. Rb6+ Kg5 41. Be3+ Kh5 42. Kf2 f6 43. g4+ Kg6 44. h4 Rc7 45. Bc5
Rd7 46. Kg3 h5 47. Rb8 hxg4 48. Kxg4 Kh7 49. f4 exf4 50. Kxf4 Kg6 51. Rh8 Rd1
52. h5+ Kf7 53. Rf8+ Ke6 54. Re8+ Kf7 55. Re7+ Kg8 56. Kf5 Kh7 57. Ra7 Nc4 58.
Bf8 Rg1 59. Rxg7+ Rxg7 60. h6 Kxh6 61. Kxf6 Na3 62. e5 Nc2 63. e6 Nxb4 64.
Bxg7+ 1/2-1/2

[Event "Det åpne NM 2011 Gruppe A"]
[Site "Quality Hotel & Resort Fagerne"]
[Date "2011.04.17"]
[Round "8"]
[White "Bosch, Jeroen"]
[Black "Flermoen, Peter"]
[Result "1-0"]
[WhiteElo "2424"]
[BlackElo "2155"]
[PlyCount "117"]
[EventDate "2011.??.??"]

1. g3 g6 2. Bg2 Bg7 3. e4 c5 4. Ne2 Nc6 5. c3 e5 6. O-O Nge7 7. Na3 O-O 8. d3
d5 9. Be3 b6 10. Qa4 d4 11. cxd4 exd4 12. Bd2 Ne5 13. Nc1 Bd7 14. Qd1 Qc8 15.
f4 N5c6 16. Nc4 f6 17. Nd6 Qc7 18. Qb3+ Kh8 19. Nf7+ Kg8 20. Nh6+ Kh8 21. Nf7+
Kg8 22. Ne5+ Kh8 23. Nxd7 Qxd7 24. Ne2 Rad8 25. a3 f5 26. e5 Nd5 27. Rf2 Rfe8
28. Rc1 Bh6 29. Qc2 Re6 30. b4 Ne3 31. Qa2 Bf8 32. bxc5 Bxc5 33. Bf3 Nd5 34.
Qb3 Nc3 35. Kg2 Na5 36. Qb2 Qa4 37. Bxc3 dxc3 38. Nxc3 Qb3 39. Qxb3 Nxb3 40.
Rb1 Bxf2 41. Rxb3 Bd4 42. Nb5 a5 43. Nxd4 Rxd4 44. Kf2 Re8 45. Ke3 Red8 46. Bc6
Kg7 47. Bb5 a4 48. Rb1 R4d5 49. Bc4 Rc5 50. Rxb6 Rdc8 51. Rb4 Ra5 52. d4 Raa8
53. Rb7+ Kh6 54. Kd3 Rab8 55. Rxb8 Rxb8 56. d5 g5 57. d6 Kg6 58. Kd4 h5 59. h4
1-0

[Event "Det åpne NM 2011 Gruppe A"]
[Site "Quality Hotel & Resort Fagerne"]
[Date "2011.04.17"]
[Round "8"]
[White "Rubio Mejia, Luis Ignacio"]
[Black "Vaarala, Eric"]
[Result "0-1"]
[WhiteElo "2409"]
[BlackElo "2167"]
[PlyCount "126"]
[EventDate "2011.??.??"]

1. d4 d5 2. c4 c6 3. Nc3 e5 4. cxd5 cxd5 5. Nf3 e4 6. Ne5 Nc6 7. Nxc6 bxc6 8.
Bf4 Qb6 9. Qd2 Ba6 10. Rc1 Nf6 11. Bg5 Nd7 12. g3 Rb8 13. Rc2 Bb4 14. a3 Bxc3
15. Qxc3 Bc4 16. Bf4 Rb7 17. Bd6 Qb3 18. Qd2 Nf6 19. e3 Bd3 20. Rc3 Qxb2 21.
Bxd3 exd3 22. f3 Qa1+ 23. Rc1 Rb1 24. O-O Qb2 25. Qb4 Qxb4 26. axb4 Rxc1 27.
Rxc1 Kd7 28. Be5 Nh5 29. Ra1 Ra8 30. g4 f6 31. Bg3 Nxg3 32. hxg3 Kc7 33. Kf2
Kb6 34. Ra5 Rh8 35. Ke1 h5 36. gxh5 Rxh5 37. Kd2 Rh3 38. Kxd3 Rxg3 39. f4 g5
40. fxg5 fxg5 41. Ra1 Rg2 42. Rh1 g4 43. Rh8 Rg1 44. Rb8+ Kc7 45. Ra8 Kb7 46.
Rg8 g3 47. Ke2 g2 48. Kf2 Rb1 49. Kxg2 Rxb4 50. Kf3 a5 51. Ke2 a4 52. Rg1 Kb6
53. Kd3 Kb5 54. Rg8 Rb3+ 55. Kd2 a3 56. Ra8 Kb4 57. Rb8+ Kc4 58. Ra8 Rb2+ 59.
Kc1 Kb3 60. Rb8+ Kc3 61. Ra8 Rb3 62. Ra6 Kd3 63. Ra7 Rc3+ 0-1

[Event "Det åpne NM 2011 Gruppe A"]
[Site "Quality Hotel & Resort Fagerne"]
[Date "2011.04.17"]
[Round "8"]
[White "Ofstad, Per"]
[Black "Westerinen, Heikki M.J"]
[Result "0-1"]
[WhiteElo "2194"]
[BlackElo "2358"]
[PlyCount "24"]
[EventDate "2011.??.??"]

1. e4 Nf6 2. Nc3 d5 3. exd5 Nxd5 4. Nxd5 Qxd5 5. d4 Nc6 6. Be3 e5 7. dxe5 Qxe5
8. Qe2 Be6 9. Qb5 Bb4+ 10. Kd1 Qxb2 11. Rc1 O-O-O+ 12. Bd3 Rd5 0-1

[Event "Det åpne NM 2011 Gruppe A"]
[Site "Quality Hotel & Resort Fagerne"]
[Date "2011.04.17"]
[Round "8"]
[White "Myhrvold, Rune"]
[Black "Getz, Nicolai"]
[Result "0-1"]
[WhiteElo "2164"]
[BlackElo "2333"]
[PlyCount "50"]
[EventDate "2011.??.??"]

1. e4 e6 2. d4 d5 3. e5 c5 4. c3 Nc6 5. Nf3 Bd7 6. Be2 Nge7 7. Na3 cxd4 8. cxd4
Nf5 9. Nc2 Qb6 10. g4 Nfe7 11. h4 h5 12. g5 Na5 13. b4 Nc4 14. a4 Nf5 15. O-O
Bxb4 16. Bxc4 dxc4 17. Nxb4 Qxb4 18. g6 fxg6 19. d5 c3 20. Ng5 Qxh4 21. Qb3 O-O
22. Qxb7 Ng3 23. Kg2 Nxf1 24. f3 Qg3+ 25. Kxf1 Rxf3+ 0-1

[Event "Det åpne NM 2011 Gruppe A"]
[Site "Quality Hotel & Resort Fagerne"]
[Date "2011.04.17"]
[Round "8"]
[White "Welling, Gerard"]
[Black "Kasparova, Tatiana"]
[Result "1/2-1/2"]
[WhiteElo "2321"]
[BlackElo "2152"]
[PlyCount "34"]
[EventDate "2011.??.??"]

1. b3 e5 2. Bb2 d6 3. e3 Nc6 4. Nf3 e4 5. Nd4 Nxd4 6. Bxd4 Nf6 7. c4 Bf5 8. Be2
Be7 9. O-O O-O 10. d3 exd3 11. Bxd3 Bxd3 12. Qxd3 d5 13. Nc3 dxc4 14. Qxc4 c6
15. b4 Qd7 16. Bc5 b5 17. Qb3 Bxc5 1/2-1/2

[Event "Det åpne NM 2011 Gruppe A"]
[Site "Quality Hotel & Resort Fagerne"]
[Date "2011.04.17"]
[Round "8"]
[White "Bentsen, Håkon"]
[Black "Kovachev, Daniel Jakobsen"]
[Result "1/2-1/2"]
[WhiteElo "2149"]
[BlackElo "2307"]
[PlyCount "119"]
[EventDate "2011.??.??"]

1. e4 e5 2. Nf3 Nc6 3. Bc4 Bc5 4. c3 Nf6 5. d4 exd4 6. cxd4 Bb4+ 7. Bd2 Nxe4 8.
Bxb4 Nxb4 9. Bxf7+ Kxf7 10. Qb3+ d5 11. Qxb4 Re8 12. O-O c6 13. Nbd2 Qb6 14.
Qxb6 axb6 15. Nxe4 dxe4 16. Ne5+ Ke6 17. Nc4 b5 18. Nd2 Kd5 19. Rfe1 Bf5 20.
Nb3 b4 21. Re3 b6 22. h3 Bg6 23. Rg3 Ra7 24. h4 Kd6 25. Nd2 Rea8 26. Nc4+ Kc7
27. h5 Bxh5 28. Rxg7+ Kb8 29. Rg8+ Kc7 30. Rg7+ Kb8 31. Rg8+ Kb7 32. Nd6+ Kc7
33. Rxa8 Rxa8 34. Nxe4 Rd8 35. Ng5 Kb7 36. Nxh7 Rxd4 37. Ng5 Rd2 38. b3 c5 39.
f4 Bg4 40. Rf1 Bf5 41. g4 Bxg4 42. f5 Bxf5 43. Rxf5 Rxa2 44. Ne4 Rb2 45. Rf3
Kc6 46. Kf1 Kd5 47. Nf6+ Kd4 48. Ke1 b5 49. Kd1 c4 50. bxc4 bxc4 51. Rf4+ Kd3
52. Rf3+ Kd4 53. Rf4+ Kc5 54. Ne4+ Kd5 55. Nf6+ Ke5 56. Rxc4 Kxf6 57. Kc1 Rb3
58. Kc2 Rc3+ 59. Rxc3 bxc3 60. Kxc3 1/2-1/2

[Event "Det åpne NM 2011 Gruppe A"]
[Site "Quality Hotel & Resort Fagerne"]
[Date "2011.04.17"]
[Round "8"]
[White "Svensen, Tarjei Joten"]
[Black "Stenersen, Gudmund"]
[Result "1/2-1/2"]
[WhiteElo "2108"]
[BlackElo "2228"]
[PlyCount "104"]
[EventDate "2011.??.??"]

1. d4 d5 2. c4 e6 3. Nf3 Bd6 4. Nc3 Nf6 5. Bg5 c6 6. e3 Nbd7 7. cxd5 cxd5 8.
Bd3 a6 9. O-O h6 10. Bh4 b5 11. Qe2 b4 12. Na4 Bb7 13. Rfc1 O-O 14. Rc2 Qa5 15.
b3 Ne4 16. Bxe4 dxe4 17. Nd2 Qb5 18. Nc4 Bc7 19. Qd1 f6 20. Bg3 Bxg3 21. hxg3
Bd5 22. Rac1 a5 23. Ncb2 Qb8 24. Rc7 Rd8 25. Qc2 f5 26. Kf1 Bb7 27. Kg1 Ra6 28.
Qc4 Rd6 29. Qb5 Ba6 30. Qxa5 Nf6 31. Qe5 Bb7 32. Re7 Rc8 33. Rxc8+ Qxc8 34. Nc4
Ra6 35. Rc7 Qa8 36. Ncb6 Qe8 37. Rxb7 Qh5 38. f3 exf3 39. gxf3 Qxf3 40. Rb8+
Kh7 41. Qf4 Qh5 42. g4 fxg4 43. Rb7 g3 44. Qxg3 Qd1+ 45. Kg2 Qe2+ 46. Qf2 Qg4+
47. Qg3 Qe2+ 48. Kh1 Nh5 49. Qg2 Qe1+ 50. Kh2 Qh4+ 51. Kg1 Qe1+ 52. Kh2 Qh4+
1/2-1/2

[Event "Det åpne NM 2011 Gruppe A"]
[Site "Quality Hotel & Resort Fagerne"]
[Date "2011.04.17"]
[Round "8"]
[White "Arvola, Benjamin"]
[Black "Arndt, Uwe"]
[Result "1-0"]
[WhiteElo "2217"]
[BlackElo "2021"]
[PlyCount "25"]
[EventDate "2011.??.??"]

1. e4 c6 2. d4 d5 3. e5 c5 4. Nf3 Bg4 5. c4 cxd4 6. Qb3 Qc7 7. Nxd4 Nc6 8. Be3
dxc4 9. Qxc4 Qa5+ 10. Nc3 Nxe5 11. Qb3 Rb8 12. Bf4 Nf6 13. Bb5+ 1-0

[Event "Det åpne NM 2011 Gruppe A"]
[Site "Quality Hotel & Resort Fagerne"]
[Date "2011.04.17"]
[Round "8"]
[White "Haarr, Jon Kristian"]
[Black "Hobber, Anders"]
[Result "1/2-1/2"]
[WhiteElo "2204"]
[BlackElo "2152"]
[PlyCount "40"]
[EventDate "2011.??.??"]

1. f4 d5 2. Nf3 Bg4 3. Ne5 Bf5 4. d4 e6 5. e3 Nf6 6. Be2 Nbd7 7. O-O Nxe5 8.
fxe5 Nd7 9. c4 c6 10. cxd5 cxd5 11. Qb3 Be7 12. Qxb7 O-O 13. Nc3 Nb6 14. Qa6 f6
15. exf6 Rxf6 16. Bd2 Bd6 17. Rf3 Rh6 18. h3 Qg5 19. e4 Qxd2 20. Rd1 Qg5
1/2-1/2

[Event "Det åpne NM 2011 Gruppe A"]
[Site "Quality Hotel & Resort Fagerne"]
[Date "2011.04.17"]
[Round "8"]
[White "Bjerke, Richart"]
[Black "Mikalsen, Erlend"]
[Result "1/2-1/2"]
[WhiteElo "2189"]
[BlackElo "1981"]
[PlyCount "100"]
[EventDate "2011.??.??"]

1. d4 f5 2. Bg5 h6 3. Bf4 Nf6 4. e4 fxe4 5. Nc3 d5 6. f3 Bf5 7. g4 Bg6 8. h3 e6
9. Bg2 Bd6 10. Nge2 exf3 11. Bxf3 Ne4 12. O-O Nxc3 13. bxc3 O-O 14. Bg2 Nc6 15.
Qc1 Na5 16. Qe3 Qd7 17. h4 Nc4 18. Qc1 Rae8 19. h5 Bh7 20. g5 hxg5 21. Bxd6
Rxf1+ 22. Bxf1 Nxd6 23. Qxg5 Ne4 24. Qe5 Rf8 25. Nf4 Bf5 26. c4 Nd2 27. Be2 Qe7
28. cxd5 Qg5+ 29. Ng2 exd5 30. Qxd5+ Kh7 31. Rd1 Qh6 32. Qa5 Ne4 33. Qxc7 Nf2
34. Rf1 Nh3+ 35. Kh2 Re8 36. Qf7 Qd6+ 37. Kh1 Rf8 38. Qxb7 Qxd4 39. Qe7 Rc8 40.
Qe3 Qxe3 41. Nxe3 Be4+ 42. Kh2 Rc3 43. Bd3 Bxd3 44. cxd3 Rxd3 45. Ng4 Ng5 46.
Rf2 Rh3+ 47. Kg2 Rxh5 48. Rf5 Kg6 49. Ra5 Ne6 50. Rxa7 Rg5 1/2-1/2

[Event "Det åpne NM 2011 Gruppe A"]
[Site "Quality Hotel & Resort Fagerne"]
[Date "2011.04.17"]
[Round "8"]
[White "Gvein, Kenneth"]
[Black "Thingstad, Anders"]
[Result "0-1"]
[WhiteElo "2169"]
[BlackElo "2014"]
[PlyCount "164"]
[EventDate "2011.??.??"]

1. f4 d5 2. Nf3 g6 3. e3 Nf6 4. Be2 Bg7 5. O-O O-O 6. d4 c5 7. c3 b6 8. Ne5 Bb7
9. Nd2 Nbd7 10. Bf3 Qc7 11. Qb3 Bh6 12. g3 Nxe5 13. dxe5 Ne4 14. Qc2 Nxd2 15.
Bxd2 Rfd8 16. h4 Rac8 17. Kg2 d4 18. cxd4 Bxf3+ 19. Kxf3 cxd4 20. Qxc7 Rxc7 21.
Rac1 Rcd7 22. e4 e6 23. Rc6 Bf8 24. Rfc1 d3 25. b4 a5 26. a3 axb4 27. axb4 Rb7
28. Rc8 Rd4 29. f5 Rbd7 30. f6 Rd8 31. Rxd8 Rxd8 32. Rc6 b5 33. g4 h5 34. g5
Bxb4 35. Bxb4 d2 36. Bxd2 Rxd2 37. Rc8+ Kh7 38. Rb8 Rd3+ 39. Ke2 Rh3 40. Rxb5
Rxh4 41. Rb4 Rg4 42. Kf3 Rxg5 43. Rb7 Rxe5 44. Kf4 Ra5 45. Rxf7+ Kh6 46. Re7
g5+ 47. Ke3 e5 48. Re8 Kg6 49. Rf8 Ra3+ 50. Ke2 Ra7 51. Kf3 Rf7 52. Re8 Kxf6
53. Kg3 Ra7 54. Rf8+ Ke6 55. Re8+ Kd6 56. Rd8+ Ke7 57. Rg8 Ra3+ 58. Kg2 g4 59.
Rg5 Kf6 60. Rxh5 Re3 61. Rf5+ Ke6 62. Rf8 Rxe4 63. Kg3 Kd5 64. Rd8+ Kc4 65. Re8
Kd4 66. Rd8+ Kc4 67. Re8 Kd5 68. Rd8+ Ke6 69. Rg8 Rd4 70. Re8+ Kd5 71. Rd8+ Ke6
72. Re8+ Kf6 73. Rg8 Ke6 74. Re8+ Kd5 75. Rd8+ Ke4 76. Re8 Rd7 77. Rg8 Ke3 78.
Ra8 e4 79. Kxg4 Rg7+ 80. Kf5 Kf3 81. Ke5 e3 82. Rf8+ Ke2 0-1

[Event "Det åpne NM 2011 Gruppe A"]
[Site "Quality Hotel & Resort Fagerne"]
[Date "2011.04.17"]
[Round "8"]
[White "Hauge, Lars Oskar"]
[Black "Hansen, Victor"]
[Result "0-1"]
[WhiteElo "1990"]
[BlackElo "2125"]
[PlyCount "104"]
[EventDate "2011.??.??"]

1. e4 c6 2. d4 d5 3. exd5 cxd5 4. c4 Nf6 5. Nc3 e6 6. Nf3 Bb4 7. Bd3 dxc4 8.
Bxc4 O-O 9. O-O b6 10. Bg5 Bb7 11. Qd3 h6 12. Bh4 Be7 13. Rfe1 Nc6 14. Rad1 Nb4
15. Qe2 Nfd5 16. Bxe7 Qxe7 17. Ne4 Rac8 18. a3 Nf4 19. Qd2 Rxc4 20. Qxf4 Nd5
21. Qg3 Rc2 22. b4 Nc3 23. Nxc3 Rxc3 24. d5 Rxa3 25. Rd4 Qf6 26. Rf4 Qc3 27. h4
Bxd5 28. Re3 Qc1+ 29. Kh2 Rxe3 30. fxe3 Qxe3 31. Rg4 Qc3 32. Qf4 Bxf3 33. gxf3
Rd8 34. Rg2 Kf8 35. Ra2 e5 36. Qf5 Qxb4 37. Qxe5 Qxh4+ 38. Kg2 Qg5+ 39. Qxg5
hxg5 40. Rxa7 b5 41. Rb7 Rd5 42. Kg3 f6 43. Kg4 Kg8 44. Kh5 Kh7 45. Rc7 Rd4 46.
f4 gxf4 47. Kg4 Kg6 48. Rb7 b4 49. Rb6 Kh6 50. Rb5 g5 51. Rb6 Kg6 52. Rb5 f5+
0-1

[Event "Det åpne NM 2011 Gruppe A"]
[Site "Quality Hotel & Resort Fagerne"]
[Date "2011.04.17"]
[Round "8"]
[White "Andersen, Per O"]
[Black "Mihajlov, Sebastian"]
[Result "1/2-1/2"]
[WhiteElo "2122"]
[BlackElo "1871"]
[PlyCount "72"]
[EventDate "2011.??.??"]

1. d4 d5 2. Bf4 Nf6 3. e3 c6 4. c4 e6 5. Nc3 Nbd7 6. Nf3 Be7 7. h3 h6 8. Bh2
O-O 9. Bd3 dxc4 10. Bxc4 b5 11. Bd3 Bb7 12. O-O a6 13. Rc1 c5 14. Re1 Rc8 15.
Ne5 Nxe5 16. dxe5 Nd5 17. Qe2 c4 18. Bb1 Nxc3 19. bxc3 Qd5 20. f4 Rfd8 21. Rcd1
Qc6 22. f5 exf5 23. Bxf5 Rxd1 24. Rxd1 Rd8 25. Rd4 g6 26. Be4 Qb6 27. Bxb7 Qxb7
28. e6 Rxd4 29. exf7+ Kxf7 30. exd4 Qd5 31. Bf4 h5 32. Be5 a5 33. Qf2+ Kg8 34.
Qf4 Kh7 35. g4 hxg4 36. hxg4 Qe6 1/2-1/2

[Event "Det åpne NM 2011 Gruppe A"]
[Site "Quality Hotel & Resort Fagerne"]
[Date "2011.04.17"]
[Round "8"]
[White "Ulvnes, Roar"]
[Black "Webb, Matthew D"]
[Result "0-1"]
[WhiteElo "2004"]
[BlackElo "2062"]
[PlyCount "134"]
[EventDate "2011.??.??"]

1. d4 g6 2. Nf3 Bg7 3. e4 d6 4. Be3 Nd7 5. Be2 Ngf6 6. Nbd2 O-O 7. h3 e5 8.
dxe5 dxe5 9. c3 b6 10. Qc2 Bb7 11. O-O h6 12. Nh2 Qe7 13. Bf3 Rad8 14. Rfe1 Nc5
15. Bxc5 Qxc5 16. b4 Qe7 17. Rad1 c5 18. b5 Qe6 19. Qa4 Rd7 20. Nc4 Rfd8 21.
Rxd7 Rxd7 22. Ne3 Rd3 23. Qxa7 Rd7 24. Qa4 h5 25. Qc4 Qe8 26. Rd1 Rxd1+ 27.
Nxd1 Qa8 28. Ne3 Nxe4 29. Qd3 Nf6 30. Bxb7 Qxb7 31. Qd8+ Kh7 32. Nf3 e4 33.
Ng5+ Kh6 34. h4 Nh7 35. Nd5 Be5 36. Nxe4 Kg7 37. c4 Qa7 38. Qe7 Qxe7 39. Nxe7
f5 40. Nc6 Bc7 41. Nc3 Nf6 42. Kf1 Kf7 43. Ke2 Ke6 44. Kd3 Bd6 45. Ne2 Bc7 46.
f3 Ne8 47. a4 Kf7 48. Kc3 f4 49. Kd3 g5 50. hxg5 Kg6 51. Ne7+ Kxg5 52. Nd5 Kf5
53. Kd2 Bd8 54. Kc2 Nd6 55. Kd3 Nf7 56. Nexf4 Ne5+ 57. Kc3 h4 58. Nd3 h3 59.
g4+ Kg5 60. f4+ Kh4 61. Nxe5 Kg3 62. Ne3 Kxf4 63. Nf1 Kxe5 64. Kd3 Kf4 65. g5
Bxg5 66. Ke2 Bh4 67. Nh2 Bg3 0-1

[Event "Det åpne NM 2011 Gruppe A"]
[Site "Quality Hotel & Resort Fagerne"]
[Date "2011.04.17"]
[Round "8"]
[White "Kjøita, Torgeir"]
[Black "Gyldenås, Ole Jørn"]
[Result "1-0"]
[WhiteElo "1796"]
[BlackElo "2053"]
[PlyCount "147"]
[EventDate "2011.??.??"]

1. e4 e6 2. d4 d5 3. exd5 Qxd5 4. Nf3 Nf6 5. c4 Bb4+ 6. Bd2 Bxd2+ 7. Qxd2 Qd6
8. Nc3 O-O 9. Bd3 c5 10. O-O cxd4 11. Nb5 Qb6 12. c5 Qd8 13. Nbxd4 Qd5 14. b4
Rd8 15. Rad1 Bd7 16. Qc2 Nc6 17. Nxc6 Qxc6 18. Ne5 Qc7 19. Rfe1 Bc6 20. Nxc6
Qxc6 21. h3 h6 22. Rc1 Rac8 23. Be4 Nxe4 24. Rxe4 Rd5 25. Rc4 Rcd8 26. Qb3 Qd7
27. R4c3 Rd1+ 28. Rxd1 Qxd1+ 29. Qxd1 Rxd1+ 30. Kh2 Rd2 31. b5 Kf8 32. a4 Ke7
33. Kg3 Kd7 34. c6+ Kc7 35. cxb7+ Kxb7 36. Rc6 Rd4 37. Ra6 Rb4 38. h4 h5 39. f3
Rd4 40. Kh3 Rd3 41. Rc6 Rd4 42. a5 Rd5 43. a6+ Kb8 44. b6 axb6 45. Rxb6+ Ka8
46. Rb7 Rf5 47. Re7 g6 48. Kh2 Rf4 49. Kg3 Rf5 50. f4 Kb8 51. a7+ Ka8 52. Kf3
Rf6 53. Ke4 Rf5 54. g3 Rf6 55. Rc7 Rf5 56. Rd7 f6 57. Re7 Ra5 58. Rxe6 Ra4+ 59.
Kf3 Ra3+ 60. Kg2 Ra2+ 61. Kh3 Rxa7 62. Rxf6 Rg7 63. g4 Kb8 64. g5 Kc8 65. Kg3
Kd8 66. f5 gxf5 67. Rxf5 Ke7 68. Rf6 Rh7 69. Ra6 Rh8 70. Kf4 Kf7 71. Kf5 Rb8
72. Ra7+ Kg8 73. Kg6 Rc8 74. Kxh5 1-0

[Event "Det åpne NM 2011 Gruppe A"]
[Site "Quality Hotel & Resort Fagerne"]
[Date "2011.04.17"]
[Round "8"]
[White "Eriksen, Magnus"]
[Black "Haugsrud, Håkon"]
[Result "1-0"]
[WhiteElo "2002"]
[BlackElo "2050"]
[PlyCount "69"]
[EventDate "2011.??.??"]

1. e4 c5 2. Nf3 d6 3. d4 cxd4 4. Nxd4 Nf6 5. Nc3 a6 6. Be3 e6 7. Qd2 Be7 8. f3
Nc6 9. O-O-O O-O 10. g4 Nxd4 11. Qxd4 Nd7 12. Qd2 Qc7 13. h4 b5 14. g5 Bb7 15.
g6 b4 16. Ne2 Ne5 17. gxh7+ Kxh7 18. Nd4 Nc4 19. Bxc4 Qxc4 20. Kb1 Rac8 21. Bg5
Rfe8 22. Bxe7 Rxe7 23. Rhg1 Rc5 24. b3 Qc3 25. Qg2 g6 26. Rd3 Qxd3 27. cxd3
Rec7 28. h5 Rxh5 29. Rh1 Rcc5 30. Rxh5+ Rxh5 31. Qg3 d5 32. Qc7 dxe4 33. Qxf7+
Kh6 34. Qxb7 exd3 35. Kc1 1-0

[Event "Det åpne NM 2011 Gruppe A"]
[Site "Quality Hotel & Resort Fagerne"]
[Date "2011.04.17"]
[Round "8"]
[White "Grundekjøn, Christian"]
[Black "Henrichsen, Erland"]
[Result "1-0"]
[WhiteElo "2018"]
[BlackElo "2038"]
[PlyCount "63"]
[EventDate "2011.??.??"]

1. d4 Nf6 2. Nc3 d5 3. Bg5 e6 4. e4 dxe4 5. Bxf6 Qxf6 6. Nxe4 Qd8 7. Nf3 Be7 8.
Bd3 Nd7 9. h4 h6 10. Qe2 c5 11. c3 cxd4 12. Nxd4 Nf6 13. O-O-O Nd5 14. Bb5+ Kf8
15. Rh3 Qa5 16. Rf3 Qxa2 17. Rdd3 Nf6 18. Nxf6 gxf6 19. Rg3 e5 20. Nc2 Bf5 21.
Rdf3 Be6 22. c4 Qa5 23. b4 Qc7 24. c5 a5 25. Ra3 Rg8 26. Qd2 Rh8 27. bxa5 Qxc5
28. Bd7 Rd8 29. Rgd3 Kg7 30. Rg3+ Kh7 31. Qd3+ f5 32. Qxf5+ 1-0

[Event "Det åpne NM 2011 Gruppe A"]
[Site "Quality Hotel & Resort Fagerne"]
[Date "2011.04.17"]
[Round "8"]
[White "Hoem, Tor Wetle"]
[Black "Grønnestad, Anita"]
[Result "1-0"]
[WhiteElo "1967"]
[BlackElo "2031"]
[PlyCount "65"]
[EventDate "2011.??.??"]

1. d4 Nf6 2. c4 e6 3. Nf3 d5 4. Bg5 Be7 5. e3 c6 6. Nc3 Nbd7 7. Bd3 dxc4 8.
Bxc4 b5 9. Bd3 Bb7 10. O-O a6 11. Rc1 Rc8 12. Bxf6 Bxf6 13. Ne4 Be7 14. Ne5
Nxe5 15. dxe5 Qd5 16. f4 c5 17. Qe2 Rd8 18. Bb1 Qc6 19. Ng3 c4 20. f5 Bc5 21.
Be4 Qb6 22. fxe6 Bxe3+ 23. Kh1 Bxc1 24. exf7+ Kf8 25. Rxc1 Bc8 26. Rf1 Be6 27.
Bf5 b4 28. Qg4 Bxf5 29. Nxf5 Qg6 30. Qxc4 Rd1 31. Rxd1 Qxf5 32. Rf1 Qxe5 33.
Qxb4+ 1-0

[Event "Det åpne NM 2011 Gruppe A"]
[Site "Quality Hotel & Resort Fagerne"]
[Date "2011.04.17"]
[Round "8"]
[White "Svanholm, Børge W"]
[Black "Wibe, Per H"]
[Result "0-1"]
[WhiteElo "1993"]
[BlackElo "1824"]
[PlyCount "50"]
[EventDate "2011.??.??"]

1. d4 Nf6 2. c4 d6 3. Nf3 Nbd7 4. Nc3 e5 5. g3 Be7 6. Bg2 O-O 7. O-O c6 8. dxe5
dxe5 9. Qc2 Qc7 10. b3 Nc5 11. Bb2 Ne8 12. Rad1 f5 13. Ne1 f4 14. b4 Ne6 15. c5
Nd4 16. Qc1 Bg5 17. e3 f3 18. Nxf3 Nxf3+ 19. Kh1 Qf7 20. h4 Bxh4 21. gxh4 Qh5
22. Bxf3 Qxf3+ 23. Kh2 Qh3+ 24. Kg1 Qg4+ 25. Kh2 Rf3 0-1

[Event "Det åpne NM 2011 Gruppe A"]
[Site "Quality Hotel & Resort Fagerne"]
[Date "2011.04.17"]
[Round "8"]
[White "Sjøl, Henrik"]
[Black "Kyrkjebø, Erlend"]
[Result "1-0"]
[WhiteElo "1848"]
[BlackElo "1963"]
[PlyCount "127"]
[EventDate "2011.??.??"]

1. d4 Nf6 2. Nf3 e6 3. c4 b6 4. g3 Bb4+ 5. Bd2 a5 6. Nc3 Bb7 7. Bg2 O-O 8. O-O
Ne4 9. Nxe4 Bxe4 10. a3 Bxd2 11. Qxd2 a4 12. Ne5 Bxg2 13. Kxg2 d6 14. Nf3 Nc6
15. Qc2 f5 16. d5 Nb8 17. Nd4 Qc8 18. Nxe6 Rf7 19. e4 fxe4 20. Qxe4 Nd7 21. Ng5
Nf6 22. Qe6 Qxe6 23. Nxe6 Ne4 24. Rad1 Nc5 25. Rfe1 Nxe6 26. Rxe6 Rb8 27. Rc1
g6 28. Rc2 b5 29. Re4 b4 30. c5 dxc5 31. Rxc5 bxa3 32. bxa3 Rb2 33. Rf4 Rxf4
34. gxf4 Rb3 35. Rxc7 Rxa3 36. d6 Rd3 37. d7 Kf8 38. d8=R+ Rxd8 39. Rxh7 Rd1
40. Ra7 Ra1 41. Kf3 a3 42. h4 Kg8 43. f5 gxf5 44. Kf4 Rf1 45. f3 Ra1 46. Kxf5
Ra2 47. f4 Ra1 48. h5 Ra2 49. Kf6 Ra1 50. f5 Ra2 51. h6 Ra1 52. Rg7+ Kh8 53.
Rg2 Kh7 54. Rg3 Ra2 55. Re3 Ra1 56. Ke6 Kxh6 57. f6 a2 58. Re2 Kg6 59. f7 Rg1
60. f8=Q a1=Q 61. Qf5+ Kg7 62. Qf7+ Kh6 63. Rh2+ Kg5 64. Qf5# 1-0